000 03642nam a22003257a 4500
003 OSt
005 20250815110712.0
007 cr ||||||a|c|a
008 240819s2020 mx ad||fom||| 001 0 spa d
040 _erda
100 1 _aJuan Rosales, Andrea
_9126434
245 1 0 _aEstudio de dosis respuesta de Phalaris minor a herbicidas inhibidores de la enzima acetil coenzima- a carboxilasa (ACCasa) /
_cpor Andrea Juan Rosales; director Andres Bolaños Espinoza; asesor Santos Gerardo Leyva Mir; asesor Mateo Vargas Hernández
264 1 _aChapingo, México :
_bEl autor,
_c2020.
300 _a1 recurso en línea (56 páginas):
_bIlustraciones, cuadros, gráficas
336 _2rdacontent
_atexto
_btxt
337 _2rdamedia
_acomputadora
_bc
338 _2rdacarrier
_arecurso en línea
_bcr
502 _bMCPV
_cParasitología
_d2020
_gMAE
504 _aIncluye referencias bibliográficas: páginas 23-24, 39 , 55-56
520 _aLa producción agrícola se ve afectada por la presencia de malezas. A nivel mundial, actualmente existen 512 casos de malezas resistentes a herbicidas con 262 especies. Los herbicidas inhibidores de la Acetil Coenzima A carboxilasa (ACCasa) ocupan el tercer lugar con casos de resistencia reportados. En México Phalaris minor es considerada como una maleza agresiva en los campos de trigo. En el Bajío guanajuatense el rendimiento de este cultivo se ve disminuido por la presencia de esta maleza pudiendo ser reducido hasta en un 90%. Por lo anterior, se han colectado biotipos de alpistillo, en campos de trigo donde su control ha sido deficiente con el objetivo de determinar si los biotipos colectados presentan resistencia a herbicidas inhibidores de la ACCasa y de ser así calcular su RC50 y su Índice de Resistencia (IR). Fueron colectados 10 biotipos en el Bajío guanajuatense para su estudio. En la Universidad Autónoma Chapingo. Se instaló un bioensayo preliminar donde se evaluaron 3 dosis para evaluar la respuesta a la aplicación de Pinoxaden y Clodinafop (60, 90 y 120 g i. a. ha-1), en donde se determinó que existen biotipos con tolerancia a ambos herbicidas. Con base en lo anterior, se instaló un bioensayo de dosis respuesta con los 10 biotipos colectados, en un diseño experimental en parcelas divididas con 3 repeticiones. Las dosis evaluadas para ambos herbicidas fueron de 0, 7.5, 15, 30, 60, 120, 240 y 480 g i.a. ha-1; los cuales se asperjaron de forma independiente a los 10 biotipos cuando las plantas exhibieron 3 hojas desarrolladas. La aplicación se realizó con una mochila de aspersión manual con punta de doble abanico TJ-60 8003. 21 días después de la aplicación herbicida se determinó el peso fresco y biomasa seca de cada tratamiento. Se realizó el ANAVA y prueba de comparación de medias, usando el programa estadístico SAS (Statycal Analysis Sistem). Se determinó el valor de RC50 a cada uno de los biotipos, y se les calculó el Índice de Resistencia. Como resultados se determinó que existen dos biotipos con resistencia cruzada a los herbicidas pinoxaden y clodinafop propargil y un biotipo con resistencia a pinoxaden.
650 4 _aMalas hierbas
_xResistencia a herbicidas
_970035
650 4 _aMalas hierbas
_xControl
_970011
650 4 _aHerbicidas aplicación
_9174669
650 4 _aHerbicidas
_xAnálisis
_9132171
700 1 _aBolaños Espinoza, Andrés
_913468
_edirector
700 1 _aLeyva Mir, Santos Gerardo
_966581
_easesor
700 1 _aVargas Hernández, Mateo
_easesor
_9118026
856 _uhttp://10.13.5.2/tesis/tm/2020_PA_Juan_Rosales_Andrea.pdf
_zDESCARGAR PDF
942 _2Clasificación Universidad Autónoma Chapingo
_cTD
999 _c220094
_d220094